| 000 | 00877nam a22002417a 4500 | ||
|---|---|---|---|
| 003 | BPGM | ||
| 008 | 260618e1997 mx bco|g |||| 001 0 spa d | ||
| 020 | _a968-7377-31-3 | ||
| 040 | _bspa | ||
| 041 |
_aspa _hspa |
||
| 082 | 0 | 4 |
_2900 _a035 |
| 100 |
_aVELAZQUEZ QUINTANAR, JOSE _eAUTOR |
||
| 245 | _aMUNICIPIO DE SAN JUAN DEL RIO | ||
| 250 |
_aPRIMERA EDICION _b1997 |
||
| 260 |
_aMEXICO _bGOBIERNO DEL ESTADO DE QUERETARO _c1997 |
||
| 300 |
_a281 paginas _c21 cm x 13.5 cm |
||
| 336 |
_2rdacontent _atexto _btxt |
||
| 337 |
_2rdamedia _asin mediación _bn |
||
| 338 |
_2rdacarrier _avolumen _bnc |
||
| 505 | _aEs una monografía que ofrece un panorama histórico, cultural y social de este municipio, considerado uno de los más importantes de Querétaro por su ubicación estratégica y su desarrollo económico. | ||
| 650 | _2GEOGRAFÍA E HISTORIA | ||
| 942 |
_2ddc _cCOLQ |
||
| 999 |
_c68635 _d68635 |
||